[Event "London MSO Masters"]
[Site "London"]
[Date "1999.08.23"]
[Round "3"]
[White "Dunworth, Christopher"]
[Black "Mikhalevski, Victor"]
[Result "0-1"]
[WhiteElo "2308"]
[BlackElo "2516"]
[Annotator "Mikhalevski,V"]
[PlyCount "100"]
[EventDate "1999.08.21"]
[EventType "swiss"]
[EventRounds "9"]
[EventCountry "ENG"]
[SourceTitle "EXT 2000"]
[Source "ChessBase"]
[SourceDate "1999.11.16"]
[SourceVersion "1"]
[SourceVersionDate "1999.11.16"]
[SourceQuality "1"]

1. d4 Nf6 2. c4 g6 3. Nc3 d5 4. Bf4 Bg7 5. e3 c5 6. dxc5 Qa5 7. Qb3 Ne4 8. Qb5+
Qxb5 9. Nxb5 Na6 10. cxd5 Nexc5 $6 {Dubious decision.} (10... O-O {is the main
line}) (10... Bxb2 $5) (10... g5 $5 {is also interesting} 11. f3 gxf4 12. fxe4
fxe3 13. Rb1 O-O 14. b4 f5 15. Bc4 fxe4 16. d6+ Kh8 17. dxe7 Re8 18. Ne2 Rxe7
19. Nd6 Be6 20. O-O Nc7 21. Bxe6 Nxe6 22. Rb3 Nd4 23. Rxe3 a5 24. Nf4 Nc2 25.
Rh3 Bd4+ 26. Kh1 Rd7 27. Ne6 Bg7 28. Nxe4 axb4 29. Nd6 Rxa2 30. Nf8 {1/2-1/2
Sagalchik,G-Kudrin,S/Philadelphia 1995/EXT 97 (30)}) 11. Rc1 $1 {[%csl Ra8,Re8]
[%cal Gc1c5] Creating unpleasant threat R:c5} (11. O-O-O $6 Ne4 12. Bg3 Bf5 $36
) 11... Ne4 $146 (11... Bf5 $2 12. Rxc5 Nxc5 13. Nc7+ Kd7 14. Bb5+ $18) ({
In the only previous game Black has lost after} 11... O-O 12. Nc7 Nxc7 13. Rxc5
Na6 14. Bxa6 bxa6 15. b4 Bd7 16. Ne2 e5 17. Bg3 Rfd8 18. Nc3 f6 19. f4 exf4 20.
Bxf4 g5 21. Bc7 Re8 22. Kf2 f5 23. g3 Rac8 24. Rc1 Bf8 25. d6 h6 26. Rd1 {
Akopian,V-Peek,M/Groningen 1990/CBM 22/1-0 (36)}) 12. Nc7+ $6 ({In case of} 12.
Nxa7 {Black gains definite counerplay} O-O 13. Nb5 (13. Nxc8 Rfxc8 14. Rxc8+
Rxc8 $44) (13. Bxa6 Rxa7 14. Bd3 Bf5 15. f3 Nf2 16. Bxf5 (16. Kxf2 Bxd3 $44 {
><a2,b2}) 16... Nxh1 17. Bb1 Bxb2 18. Rc7 Rd8 $1 $13) 13... g5 14. Rc4 (14. Bg3
Bxb2 $1 (14... Nb4 15. Rc4 Nxg3 16. hxg3 Nxd5 $44) 15. Rc2 Bg7 16. Rc4 Nac5 $44
) 14... Nxf2 $1 15. Kxf2 gxf4 16. exf4 Bxb2 17. Nf3 Rd8 $44 {[%csl Rd5] with
counerchances}) ({After correct} 12. Bd3 $1 Nf6 (12... g5 13. Bxe4 gxf4 14.
exf4 Bxb2 15. Rc2 $16) 13. e4 Nh5 14. Be3 Bxb2 15. Rc2 Bg7 16. a3 $1 {[%csl
Ra6][%cal Gb5a7]} O-O (16... b6 $2 17. Nxa7) 17. Nxa7 $16 {White is clearly
better.}) (12. f3 $5) 12... Nxc7 13. Rxc7 g5 $1 {Important intermediate move.}
({Immediate} 13... Bxb2 {is dangerous in view of} 14. Bb5+ Kd8 15. Rc2 $16 {
[%cal Rf4c7]}) 14. Bg3 ({Both} 14. Bb5+ $6 Kd8 15. Rc4 gxf4 16. Rxe4 fxe3 {
[%csl Rb2]}) ({and} 14. Bd3 $6 gxf4 15. Bxe4 fxe3 16. fxe3 Bxb2 {can't satisfy
White.}) 14... Bxb2 {Now it's much better than on the previous move as bishop
on g3 can be taken in any moment.} 15. Bd3 Bf5 $5 {[%csl Rd3][%cal Ge4g3][%mdl
64] Optimistic decision.I thought that 16.Ke2?! is almost forced however 16.R:
b7! is quiet good.} (15... Nxg3 $5) 16. Ke2 $6 (16. Rxb7 $1 Nc5 {[%cal Rc5b7,
Rc5d3] winning an exchange,but not the game.} (16... Nxg3 17. hxg3 Bxd3 18.
Rxb2 Be4 19. d6 exd6 20. f3 $14) 17. Rxe7+ $5 (17. Bb5+ $5 {is also
interesting sacrificing an exchange for a move and then winning it back.} Kd8 {
[%csl Rb7]} 18. Bc6 $1 (18. Rc7 Ne4 {[%csl Rc7][%cal Ge4g3]} 19. Rc6 $8 (19.
Rc4 $2 {loses to} Nxg3 20. hxg3 Bd3 {[%cal Rd3b5]} 21. Rc5 Ba3 22. Bc6 Rb8 $1 {
[%csl Rc5]}) (19. d6 $2 {is also bad because of} exd6 20. Rxf7 Be6 {[%csl Rf7]}
21. Rf3 (21. Rb7 Nc5 {[%csl Rb7] traping the rook}) 21... Bc3+ $17 {[%csl Rf3]}
) 19... Nxg3 (19... Bd7 20. Bc7+ Ke8 21. a4 $1 {[%csl Ra8]}) 20. hxg3 Be4 {
[%csl Rd5,Rg2]} 21. Bc4 Bxg2 22. Rh2 Be4 23. f3 Be5 $1 $13 {[%csl Re1,Rh2]
[%cal Ge5g3]}) (18. Rb8+ Rxb8 19. Bxb8 a6 20. Bc6 Nd3+ 21. Kf1 Nb4 $44 {
[%csl Ra2,Rd5]}) 18... Nxb7 (18... Bc3+ 19. Kd1 Nxb7 20. Bxb7 Rc8 (20... Kd7 $2
21. Bc6+) 21. Bxc8 Kxc8 $13) 19. Bxb7 Rc8 20. Bxc8 Kxc8 $44 {[%csl Ra2,Rd5]
><d5,a2}) (17. Bxf5 Nxb7 18. Nf3 $13) 17... Kxe7 18. Bxf5 Kf6 19. e4 $44 {
with good positional compensation.}) 16... Rd8 $3 {[%csl Rd5][%mdl 64]
Suddenly White loses his central pawn.} 17. f3 $2 {Serious positional mistake.
After it Black is clearly better.} (17. Rxb7 {was necessary} Nc3+ 18. Ke1 $1 (
18. Kd2 $2 {is refuted by} Rxd5 19. Kc2 (19. Rxb2 Rxd3+ 20. Kc2 O-O $19 {/\Rc8}
) (19. Rb8+ Kd7 20. Rxh8 Bxd3 $1 $19) 19... Rxd3 20. Kxb2 Na4+ 21. Kc1 O-O $19
{[%cal Gf8c8]} 22. Rc7 $140 (22. Ne2 $142) 22... Rb8 {[%cal Rb8b1] /\Rb1!!})
18... Bxd3 ({But not} 18... Rxd5 $4 19. Rb8+ Kd7 20. Bxf5+ $18) 19. Rxb2 Rxd5
$1 (19... Nxd5 $11) 20. Nf3 $1 $11 ({After} 20. Rb8+ $2 Kd7 $3 21. Rxh8 {
interesting mate position arises:} Bc4 {[%cal Rd5d1]} 22. f3 Rd1+ 23. Kf2 Rf1#
{Elegant mate.}) (20. Be5 $6 Rxe5 21. Rb8+ Kd7 22. Rxh8 Ra5 $1 $17 {[%csl Re1]
[%cal Ga5a2]} 23. Kd2 $140 Ne4+ 24. Kxd3 Nxf2+ {[%csl Rd3,Rh1]})) 17... Nxg3+
18. hxg3 Bxd3+ 19. Kxd3 Rxd5+ $17 {Now Black is just a pawn up.} 20. Kc2 Be5 $1
(20... Rb5 {is also possible,but move in the game is stronger.} 21. a4 Be5 $1 (
21... Rb4 22. Nh3 $1 Be5 23. Rc8+ Kd7 24. Rxh8 Bxh8 25. Nxg5 Rxa4 $140 26. Rxh7
$13) 22. Rc8+ (22. Rxe7+ Kxe7 23. axb5 Rc8+ $19) 22... Kd7 23. Rxh8 Rb2+ 24.
Kd3 Bxh8 25. Rxh7 Bf6 {[%csl Ra4] ><a4}) 21. Rc8+ ({White had to swap the
b7-pawn.} 21. Rxb7 $142 O-O $1 22. Ne2 Rc8+ 23. Kb1 Rd2 $36) 21... Kd7 $2 {
This move can be hardly explained.} ({Why not simple} 21... Rd8 $19 {with
absolutely winning position.}) 22. Rxh8 Bxh8 23. Rxh7 Bf6 24. Ne2 $1 {[%csl
Ra2][%cal Ge2c1] Now White gets counterchances.} Ra5 {This was my idea when I
played 21...Kd7? I have just abslutely forgotten about} 25. Nc1 {In case of
25Kb1(b3) Black checks from b5 following by Rb2.} Rc5+ 26. Kd1 Ke6 (26... Ke8
$5) 27. Rh1 $2 {[%mdl 16384] Another serious mistake.} (27. e4 {was necessary
preparing f4 and then e5.} Rc4 $1 {[%csl Re4]} 28. Nd3 {[%cal Gh7h6,Ge4e5] /
\Rh6} Bd4 $1 $13) 27... Rb5 $1 {[%cal Gb5b2] Manipulating by threat of Rb2
Black transfers the game into winning pawn endgame.} 28. Nb3 a5 {[%csl Rb2]
[%cal Ga5a4]} 29. Kc2 a4 30. Nd4+ $8 {Otherwise Rb2 will follow.} Bxd4 31. exd4
a3 $1 {[%csl Rb2]} 32. Re1+ {The second rank can be defended only from e2.In
case of Rb1 White loses central pawn.} Kd6 $19 {[%cal Gb5b2]} 33. Re2 Rb2+ 34.
Kd3 f5 $5 $138 {[%csl Rg2][%cal Gf5f4] Being short of time I coukdn't
calculate consequences of pawn ending which arises after R:e2.} (34... Rxe2 $5
{wins immediately} 35. Kxe2 Kd5 36. Kd3 b5 $1 37. Kc3 g4 (37... f5 $5 38. Kb4
Kxd4 39. Kxa3 e5 $1 $19 {[%cal Ge5e4]} ({But not} 39... Kc3 $2 40. f4 $1 gxf4
41. gxf4 e6 42. g3 $11)) 38. fxg4 f6 $19 {[%cal Ge7e5] winning easily.}) 35.
Rc2 ({Or} 35. Rxb2 axb2 36. Kc2 Kd5 37. Kxb2 Kxd4 38. Kb3 e5 $19 {[%cal Ge5e4]}
) 35... f4 ({Again} 35... Rxc2 $5 {was sufficient for a win:} 36. Kxc2 Kd5 37.
Kb3 (37. Kc3 b5 38. f4 gxf4 39. gxf4 Ke4 $19) 37... Kxd4 38. Kxa3 ({or} 38. f4
gxf4 39. gxf4 b5 40. Kb4 Kd3 41. Kb3 Kd2 42. g3 e6 43. Kb4 Kc2 44. Kxa3 Kc3 $22
$19) 38... Kc3 39. Ka4 e5 40. g4 fxg4 41. Kb5 gxf3 42. gxf3 e4 43. fxe4 Kd4 $1
$19 {[%cal Gg5g4] and g-pawn is unstopable}) 36. gxf4 gxf4 37. Re2 e6 (37...
Rxe2 $19 {-41...R:e2}) 38. Rc2 b6 $6 {This is already inaccuracy.} ({After} 
38... Rxc2 $1 39. Kxc2 Kd5 40. Kb3 (40. Kd3 b6 $1 41. Kc3 b5 $19) (40. Kc3 b5
$19) 40... Kxd4 41. Kxa3 Ke3 42. Kb4 Kf2 43. Kc5 Kxg2 44. a4 Kxf3 45. a5 Ke3
$19 {Black is first.}) 39. Re2 $6 ({In case of} 39. Rxb2 $1 {Black would have
to demonstrate technics in the queen ending with extra f-pawn.} axb2 40. Kc2
Kd5 41. Kxb2 Kxd4 42. Kb3 Ke3 43. Kc4 Kf2 44. Kb5 Kxg2 45. Kxb6 e5 46. a4 e4
47. a5 exf3 48. a6 f2 49. a7 f1=Q 50. a8=Q+ Qf3 51. Qg8+ Qg3 52. Qd5+ f3 $19 {
with theoretically winning position.}) 39... Kd5 (39... Rxe2 {-41...R:e2}) 40.
Re5+ Kd6 41. Re2 {Only now I finally could calculate pawn ending.Fortunately
it's easily winning.} Rxe2 $1 42. Kxe2 Kd5 43. Kd3 b5 44. Kc3 e5 $1 {In fact
Black is playing pawn ending with an extra pawn as pawn on f4 is even better
than two white ones.} 45. dxe5 Kxe5 46. Kb3 (46. Kd3 Kd5 47. Kc3 Kc5 $19 {
[%cal Gb5b4]}) ({Or} 46. Kb4 Kd4 {and black pawns are untouchable.For example}
47. Kxb5 (47. Kxa3 Kc3 $22) 47... Kc3 $1 48. Kc5 Kb2 49. Kc4 Kxa2 50. Kc3 Kb1
$19) 46... Kd4 {Now Black's task is very simple.He has to force White to take
one of the pawns.} 47. Kb4 (47. Kxa3 Kc3 $22) 47... Kd3 $1 48. Kb3 (48. Kxb5
Kc3 $1 $19 ({But not} 48... Kc2 $4 49. Kc4 Kb2 50. Kd3 Kxa2 51. Kc2)) 48... Kd2
$1 49. Kb4 Kc2 $1 {Finally White has no choice and takes one of the pawns.} 50.
Kxa3 Kc3 $22 {Nice zugzwang position.White loses because he is a pawn up.The
g2-pawn is an extra one in both meanings of the word.} (50... Kc3 51. g4 fxg3
52. f4 g2 53. f5 g1=B 54. f6 Bc5#) 0-1

[Event "Rohde op 09th"]
[Site "Sautron"]
[Date "2009.10.28"]
[Round "6"]
[White "Koziak, Vitali"]
[Black "Lagarde, Maxime"]
[Result "1-0"]
[WhiteElo "2478"]
[BlackElo "2398"]
[Annotator "RR"]
[PlyCount "61"]
[EventDate "2009.10.24"]
[EventType "swiss"]
[EventRounds "9"]
[EventCountry "FRA"]
[SourceTitle "EXT 2010"]
[Source "ChessBase"]
[SourceDate "2010.11.25"]
[SourceVersion "1"]
[SourceVersionDate "2010.11.25"]
[SourceQuality "1"]

1. d4 Nf6 2. c4 g6 3. Nc3 d5 4. Bf4 Bg7 5. e3 c5 6. dxc5 Qa5 7. Qa4+ Qxa4 8.
Nxa4 Nc6 (8... O-O {la grande ligne}) 9. Nf3 Nb4 (9... Bd7 {Shneider,A (2470)
-Neverov,V (2440) Uzhgorod 1987 1/2}) 10. Nd4 Bd7 11. Nc3 (11. a3 $143 Nc2+ $1
12. Nxc2 Bxa4) 11... dxc4 12. Bxc4 Nh5 13. a3 Nxf4 14. axb4 Nxg2+ 15. Kd2 Nh4
16. Nd5 O-O 17. Nxe7+ Kh8 18. b5 (18. Kc2) 18... Rfe8 19. Nd5 Rac8 20. b4 Rcd8
$6 (20... Bg4) 21. c6 $40 Be6 22. c7 Rd6 23. Rxa7 Bxd4 24. exd4 Nf3+ 25. Kc3
Rxd5 26. Rxb7 Rd7 27. Bxe6 fxe6 28. b6 Nxd4 29. Rb8 Nb5+ 30. Kb3 Nd4+ 31. Kc4
1-0

[Event "Rohde op 06th"]
[Site "Sautron"]
[Date "2006.11.04"]
[Round "9"]
[White "Chatalbashev, Boris"]
[Black "Berthelot, Yannick"]
[Result "1-0"]
[WhiteElo "2534"]
[BlackElo "2309"]
[Annotator "RR"]
[PlyCount "124"]
[EventDate "2006.10.28"]
[EventType "swiss"]
[EventRounds "9"]
[EventCountry "FRA"]
[SourceTitle "EXT 2007"]
[Source "ChessBase"]
[SourceDate "2006.11.23"]
[SourceVersion "1"]
[SourceVersionDate "2006.11.23"]
[SourceQuality "1"]

1. d4 Nf6 2. c4 g6 3. Nc3 d5 4. Bf4 {une variante trés solide contre la
Gruenfeld} Bg7 5. e3 c5 (5... O-O) 6. dxc5 Qa5 7. Rc1 Ne4 8. cxd5 $1 Nxc3 9.
Qd2 Qxa2 10. bxc3 Qa5 11. Nf3 (11. Bc4 Nd7) 11... Nd7 12. Bc4 ({RR} 12. Nd4
Nxc5 13. Bc4 Bd7 14. O-O O-O 15. Qb2 Rfc8 16. Be2 b6 17. c4 e5 18. dxe6 Nxe6
19. Bd6 Bc6 20. Rfd1 Qg5 21. Bg3 Nxd4 22. exd4 Rd8 23. h4 Qh6 24. Bf1 Qh5 25.
Be2 Qf5 26. Be5 Bxe5 {Polugaevsky,L (2625)-Timman,J (2625)/Breda 1979/MCD/1/
2-1/2 (60)}) 12... Qxc5 $6 (12... Nxc5 $142 13. Be5 Bxe5 14. Nxe5 f6 15. Nf3 {
[%csl Gc4,Re8][%cal Gd5d6]} b5 16. Ba2) 13. Ba2 O-O ({RR} 13... Qa5 14. O-O O-O
15. e4 Nc5 16. Rfe1 e6 17. d6 b6 18. Bh6 Bb7 19. Bxg7 Kxg7 20. Ra1 Qb5 21. Nd4
Qd7 22. e5 Qd8 23. g3 h6 24. Bc4 a6 25. Bf1 Rc8 26. c4 Nd7 27. f4 h5 28. h4 {
Beliavsky,A (2590)-Hoelzl,F (2415)/Vienna 1980/MCL/1-0 (41)}) 14. e4 (14. O-O)
14... b5 $146 (14... Re8) (14... Nf6) 15. O-O Nb6 16. Be3 Qc7 17. Bf4 Qc5 18.
Ne5 Bb7 19. Qb2 Bxe5 20. Bxe5 Nc4 21. Bxc4 Qxc4 22. Qb4 $1 Qxb4 23. cxb4 $16 {
[%csl Ra5,Rb7,Gc1][%cal Gc1c7]} Rfc8 24. Bc7 $1 {[%csl Ga5]} Kf8 25. f3 Ke8 {
la finale est difficile pour les noirs} 26. Rc5 (26. Ba5 Rc4) 26... a5 $1 27.
bxa5 Rxa5 28. Rfc1 Ra2 (28... Ra7 $5 29. Rxb5 Bxd5 $1) 29. Rxb5 Ba6 30. Rbc5 f6
31. h4 Rb2 32. Rc6 Bb5 33. Rb6 Kd7 34. Rb7 $16 Ke8 35. f4 (35. Rc5) 35... Rb3
36. e5 fxe5 37. fxe5 Bc4 38. Rxb3 $2 (38. Bb6 $1 Rg3 {[%cal Gg3g2,Gc4d5,Gd5g2,
Gd5b7]} 39. d6 $40) 38... Bxb3 39. d6 exd6 40. exd6 Kd7 41. Kf2 Be6 42. Ke3 Ra8
43. g3 h5 44. Kf4 Bf5 45. Rc3 Re8 46. Kg5 Ke6 47. Ra3 Kd7 48. Kf6 Re4 49. Ra7
Kc6 50. Bb8 Rg4 51. Ke7 Rxg3 52. Rc7+ Kb6 53. Ba7+ Ka6 54. d7 $2 (54. Bc5 $142)
54... Bxd7 55. Kxd7 g5 $2 56. Kc6 gxh4 57. Bc5 Rg6+ 58. Bd6 h3 59. Rc8 Ka7 $4 (
59... Rg7 60. Rf8) 60. Rh8 h2 61. Rxh5 Ka6 62. Rxh2 Rg5 {Une des dernières
parties а se terminer} 1-0